Tiga serangkai sendi agama : tauhid,fiqah dan tasawuf

Bibliographic Details
Main Author: Moh Abdi Rathomy
Format: Book
Published: Kuala Lumpur : DBP , 1989
Subjects:

MARC

LEADER 00000cam a2200000 7i4500
001 0000004045
002 000004355
005 20000330.0
020 |a 9836203133 
090 0 0 |a 297.211   |b MOH 
100 0 |a Moh Abdi Rathomy 
245 1 0 |a Tiga serangkai sendi agama :   |b tauhid,fiqah dan tasawuf   |c Moh Abdi Rathomy 
260 |a Kuala Lumpur :   |b DBP ,   |c 1989 
300 |a 370p. ;   |c 23cm. 
650 0 0 |a Tauhid (Islam) 
999 |a 033384   |b BUKU   |c PINJAMAN   |e PERPUSTAKAAN KOMUNITI PETALING JAYA